000 01008nam a22002537a 4500
999 _c12675
_d12675
003 AR-CdUCM
008 190409b ||||| |||| 00| 0 spa d
040 _aMUNICIPALIDAD PROVINCIAL DEL CUSCO
_cBIBLIOTECA MUNICIPAL DEL CUSCO
082 _22ed
_a371.264 /
_bST839 / 1948
100 _aStern, William
_930655
245 _aPsicología y pedagogía de la adolescencia /
260 _aBuenos Aires :
_bLosada,
_c1948.
300 _a205 páginas ;
_c18 cm.
440 _aBiblioteca del maestro
_n11
_930656
505 _aContenido: Fundamentos de la vida anímica del adolescente -- Sugestión y sugestibilidad en la infancia y la adolescencia -- La erótica y la sexualidad en la juventud en desarrollo...
650 _aPsicología para adolescentes
_930657
650 _aSexualidad
_99609
650 _aSugestión
_924155
700 _aHoffmann, Walter
_930658
700 _aZiehen, Th.
_930659
700 _aLuzuriaga, Lorenzo (traducción)
_930660
942 _2ddc
_cLIBROS
945 _adavv
_d09/04/2019